| 000 | 00636pam a2200217 a 4500 | ||
|---|---|---|---|
| 020 | _c2870.00 (Paper Binding) | ||
| 040 | _aDental College Lib | ||
| 041 |
_aeng _h |
||
| 082 |
_a617.69 _bLEC |
||
| 100 | _aLechner, Sybille K.. | ||
| 245 |
_aRemovable Partial Prosthodontics a Case Orientated Manual of Treatment Planning / _c. _hTextual Documents |
||
| 250 |
_a1st ed / _b. |
||
| 260 |
_aMissouri : : _bMosby- Wolfe , , _c1994. |
||
| 300 |
_a709 ; : _c26x19. |
||
| 365 | _a2870.00 | ||
| 653 | _aProsthodontics | ||
| 700 |
_aMacGrego, _e A. Roy., |
||
| 930 | _a452 | ||
| 999 |
_c39855 _d39855 |
||